Effect of organic mulching on yield of bunching onion, ឥទ្ធិពលនៃគម្របធម្មជាតិលើទិន្នផលដំណាំខ្ទឹមស្លឹក (Record no. 7793)
[ view plain ]
| 000 -LEADER | |
|---|---|
| fixed length control field | 00548nam a22001457a 4500 |
| 003 - CONTROL NUMBER IDENTIFIER | |
| control field | OSt |
| 005 - DATE AND TIME OF LATEST TRANSACTION | |
| control field | 20160324101046.0 |
| 008 - FIXED-LENGTH DATA ELEMENTS--GENERAL INFORMATION | |
| fixed length control field | 160324b xxu||||| |||| 00| 0 eng d |
| 040 ## - CATALOGING SOURCE | |
| Transcribing agency | RUA |
| 082 ## - DEWEY DECIMAL CLASSIFICATION NUMBER | |
| Classification number | AGR VON 2011 B472 Or.1 |
| 100 ## - MAIN ENTRY--PERSONAL NAME | |
| 9 (RLIN) | 8181 |
| Personal name | VONG VANNAK; វង្ស វណ្ណៈ |
| 245 ## - TITLE STATEMENT | |
| Title | Effect of organic mulching on yield of bunching onion, ឥទ្ធិពលនៃគម្របធម្មជាតិលើទិន្នផលដំណាំខ្ទឹមស្លឹក |
| 300 ## - PHYSICAL DESCRIPTION | |
| Extent | xiii,43p. |
| Other physical details | ill. |
| Dimensions | 29cm. |
| 942 ## - ADDED ENTRY ELEMENTS (KOHA) | |
| Source of classification or shelving scheme | |
| Koha item type | AGR |
| Price effective from | Date last seen | Permanent Location | Not for loan | Date acquired | Source of classification or shelving scheme | Koha item type | Barcode | Lost status | Damaged status | Shelving location | Withdrawn status | Current Location | Full call number |
|---|---|---|---|---|---|---|---|---|---|---|---|---|---|
| 2016-03-24 | 2016-03-24 | Library Block B | 2016-03-24 | AGR | RUA058381 | B472 | Library Block B | AGR VON 2011 B472 Or.1 |